|
|
|
|
| LEADER |
02058nam a2200493 a 4500 |
| 001 |
nkc20081800976 |
| 003 |
CZ PrNK |
| 005 |
20080702150356.0 |
| 007 |
ta |
| 008 |
080417s2008 xr a e f 001 0 cze |
| 015 |
|
|
|a cnb001800976
|
| 020 |
|
|
|a 978-80-251-2003-3
|q (brož.)
|
| 035 |
|
|
|a (OCoLC)236564708
|
| 040 |
|
|
|a OLA001
|b cze
|
| 041 |
1 |
|
|a cze
|h eng
|
| 072 |
|
7 |
|a 004.4/.6
|x Programování. Software
|2 Konspekt
|9 23
|
| 080 |
|
|
|a 004.42Exchange Server
|2 MRF
|
| 080 |
|
|
|a 004.9:004.773.3
|2 MRF
|
| 080 |
|
|
|a 004.773.3
|2 MRF
|
| 080 |
|
|
|a (035)
|2 MRF
|
| 100 |
1 |
|
|a Walther, Henrik
|7 mzk2006354136
|4 aut
|
| 245 |
1 |
0 |
|a Jak vyzrát na Microsoft Exchange Server 2007 :
|b správa, konfigurace, upgrade /
|c Henrik Walther ; [překlad Jiří Fadrný, David Krásenský]
|
| 246 |
3 |
0 |
|a Exchange Server 2007
|
| 250 |
|
|
|a Vyd. 1.
|
| 260 |
|
|
|a Brno :
|b Computer Press,
|c 2008
|
| 300 |
|
|
|a 504 s. :
|b il. ;
|c 23 cm
|
| 500 |
|
|
|a Přeloženo z angličtiny
|
| 500 |
|
|
|a Obsahuje rejstřík
|
| 500 |
|
|
|a Obálkový podnázev: konfigurace, správa, upgrade - praktické postupy, rady a tipy pro každodenní správu - novinky verze 2007 a upgrade z verzí 2000 a 2003 - Outlook Web, Mobile a Voice Access - rychlý zdroj informací pro zaneprázdněné administrátory
|
| 650 |
0 |
7 |
|a Microsoft Exchange Server 2007 (software)
|7 ph457481
|2 czenas
|
| 650 |
0 |
7 |
|a poštovní software
|7 ph290650
|2 czenas
|
| 650 |
0 |
7 |
|a elektronická pošta
|7 ph114447
|2 czenas
|
| 650 |
0 |
9 |
|a Microsoft Exchange Server 2007
|2 eczenas
|
| 650 |
0 |
9 |
|a e-mail software
|2 eczenas
|
| 650 |
0 |
9 |
|a e-mail
|2 eczenas
|
| 655 |
|
7 |
|a příručky
|7 fd133209
|2 czenas
|
| 655 |
|
9 |
|a handbooks and manuals
|2 eczenas
|
| 765 |
0 |
|
|t How to cheat at configuring Exchange Server 2007
|9 Česky
|
| 910 |
2 |
|
|a BOA001
|b 2-1203.365
|
| 990 |
|
|
|a BK
|
| 995 |
|
|
|a 01
|
| 991 |
|
|
|b 200805
|c NOV
|
| 996 |
6 |
|
|b 2610341708
|c 2-1203.365
|l MZK
|r Sklad / do 1 hodiny
|n 0
|p p.v.
|w 000893638
|u 000010
|a 1
|e BOA001
|j MZK50
|s P
|
| 996 |
7 |
|
|b 2610341709
|c 2-1203.365
|l MZK
|r Sklad / do 1 hodiny
|n 10
|p p.v.
|w 000893638
|u 000020
|a 1
|e BOA001
|j MZK50
|s A
|